Zahraničný obchod Kuby bakalárska práca

Guardado en:
Detalles Bibliográficos
Autor principal: Ondrejka, Michal
Autor Corporativo: Fakulta medzinárodných vzťahov EU. Katedra medzinárodných ekonomických vzťahov a hospodárskej diplomacie
Otros Autores: Držka, Michal, 1989-
Formato: Libro
Lenguaje:eslovaco
Publicado: Bratislava 2013
Etiquetas: Agregar Etiqueta
Sin Etiquetas, Sea el primero en etiquetar este registro!

MARC

LEADER 00000nbm a2200000 4500
001 0242068
005 20180417102124.8
041 0 |a slo 
044 |a SK 
245 1 0 |a Zahraničný obchod Kuby  |b bakalárska práca  |c Michal Ondrejka ; školiteľ: Michal Držka 
264 1 |a Bratislava  |c 2013 
300 |a 52 s. 
100 1 |a Ondrejka, Michal 
700 1 |a Držka, Michal, 1989- 
710 2 |a Fakulta medzinárodných vzťahov EU. Katedra medzinárodných ekonomických vzťahov a hospodárskej diplomacie